000 00548nam a2200181Ia 4500
005 20250317125644.0
008 008 250317s9999 xx 000 0 eng d
037 _aTextbook
040 _aFMSL
_beng
_cFMSL
041 _aeng
_2eng
084 _aD65.8(B) N7
_qFMSL
100 _aBlack Uyless
_9494984
245 0 _aComputer Network : Protocols standards and interpaces
260 _aLondon
_bLondon, Prentice-Hall international
_c1987
300 _a460p
942 _cTB
_hD65.8(B) N7
999 _c1260387
_d1260387